El país de las cosas perdidas /
Guardado en:
| Autor Principal: | |
|---|---|
| Otros Autores: | |
| Formato: | Libro |
| Publicado: |
Buenos Aires :
Alfaguara,
2002.
|
| Series: | Alfaguara Juvenil. Serie Azul
|
| Materias: | |
| Etiquetas: |
Agregar Etiqueta
Sin Etiquetas, Sea el primero en etiquetar este registro!
|
| LEADER | 00916nam a22002175a 4500 | ||
|---|---|---|---|
| 001 | CEM.cems019681 | ||
| 008 | 221006s2002##################000#0#####d | ||
| 005 | 20221006100834.0 | ||
| 245 | 1 | 0 | |a El país de las cosas perdidas / |c Ana Arias ; ilustrado por Jimena Tello. |
| 260 | |a Buenos Aires : |b Alfaguara, |c 2002. | ||
| 300 | |a 102 p. | ||
| 490 | 0 | |a Alfaguara Juvenil. Serie Azul | |
| 505 | 0 | |a El país de las cosas perdidas -- Historia de los zapatos de seda -- Historia de la cadena de oro -- Historia del espejo florentino -- Historia del paraguas -- Historia de las llaves -- Historia de la galera -- Historia del plano de madera -- Historia de la piedra | |
| 020 | |a 9505114060 | ||
| 100 | 1 | |a Arias, Ana. | |
| 700 | 1 | |a Tello, Jimena; il. | |
| 082 | 0 | 4 | |a A868.4 |
| 653 | |a Litertura Argentina | ||
| 653 | |a Cuentos | ||
| 653 | |a Literatura juvenil | ||
| 859 | |a CEMS |b BIB. CEMS - Inicial y Primaria |h A868.4 |i Ar41 |k IP |p 2085 |t Ej.1 | ||
